000
00205nam a22000857a 4500
003
SGT
245
_a
JAMMU & KASHMIR,KUTCH, MADHYA BHARAT, MADRAS
260
_a
NAGPUR
_b
ALL INDIA REPORTER
_c
1952
942
_2
ddc
_c
BV
999
_c
17817
_d
17817